| 000 | 00740nam a22002535i 4500 | ||
|---|---|---|---|
| 001 | 177527 | ||
| 003 | ES-MaACL | ||
| 005 | 20230906220346.0 | ||
| 008 | 110330s1974 sp a |||| | spa d | ||
| 020 | _a84-01-32067-4 | ||
| 080 | _a159.929 | ||
| 080 | _a591.5 | ||
| 100 | 1 |
_aLorenz, Konrad. _974127 |
|
| 245 | 1 | 0 |
_aConsideraciones sobre las conductas animal y humana / _cKonrad Lorenz ; [traducción de Ángel Sabrido]. |
| 250 | _a1ª ed. | ||
| 260 |
_aBarcelona : _bPlaza & Janés, _c1974. |
||
| 300 |
_a414 p. : _bil. ; _c23 cm. |
||
| 490 | 1 | _aTribuna | |
| 650 | 4 |
_aAnimales- _xConducta. _99833 |
|
| 700 | 1 |
_aSabrido, Ángel. _9101219 |
|
| 830 | 1 |
_aTribuna _9181406 |
|
| 852 |
_aES-MaACL _jE-14739 |
||
| 999 |
_c177527 _d177527 |
||